• 首页
  • 本馆介绍
  • 公告通知
  • 最新文献
  • 馆藏检索
  • 电子资源
  • 读者导购
  • 参考咨询
  • 我的图书馆
  • 登录
  • 详细信息显示
  • 放入我的书架
  • 预约/预借图书
  • 作者相关作品
  • 分类相关作品
  • 丛书相关作品
  • 出版社相关作品

书目信息

  • 表格格式
  • 工作单格式
  • 卡片格式
题名:
美容化妆品学
    
 
作者: 李雪飞 , 晏志勇 主编
分册:  
出版信息: 北京   科学出版社  2016
页数: 126页, [2] 页图版
开本: 26cm
丛书名: 全国高等医药院校规划教材
单 册:
中图分类: TQ658.5
科图分类:
主题词: 美容化妆品--mei rong hua zhuang pin--医学院校--教材
电子资源:
ISBN: 978-7-03-049647-8
000 01219nam0 2200313 450
001 012001001119
005 20191108091305.89
010    @a978-7-03-049647-8@dCNY34.00
099    @aCAL 012016115701
100    @a20161009d2016 em y0chiy50 ea
101 0  @achi
102    @aCN@b110000
105    @aafk a 000yy
106    @ar
200 1  @a美容化妆品学@Amei rong hua zhuang pin xue@f主编李雪飞, 晏志勇
205    @a第2版
210    @a北京@c科学出版社@d2016
215    @a126页, [2] 页图版@c图 (部分彩图)@d26cm
225 2  @a全国高等医药院校规划教材@Aquan guo gao deng yi yao yuan xiao gui hua jiao cai
300    @a中国科学院教材建设专家委员会规划教材
320    @a有书目 (第126页)
330    @a本书第一章为绪论,主要介绍了化妆品的定义、作用与分类、特性及发展简史。第二章、第三章介绍化妆品的基质原料和辅助原料。第四章至第十章着重介绍了清洁类、护肤类、彩妆类、特殊用途类、芳香类和发用类化妆品及美容面膜。
410  0 @12001 @a全国高等医药院校规划教材
606 0  @a美容化妆品@Amei rong hua zhuang pin@x医学院校@j教材
690    @aTQ658.5@v4
701  0 @a李雪飞@Ali xue fei@4主编
701  0 @a晏志勇@Ayan zhi yong@4主编
801  0 @aCN@b北京卓展文化@c20191020
905    @b1197564-7@dTQ658.5@e74=2@f4
    
    美容化妆品学/主编李雪飞, 晏志勇.-第2版.-北京:科学出版社,2016
    126页, [2] 页图版:图 (部分彩图);26cm.-(全国高等医药院校规划教材)
    中国科学院教材建设专家委员会规划教材
    
    ISBN 978-7-03-049647-8:CNY34.00
    本书第一章为绪论,主要介绍了化妆品的定义、作用与分类、特性及发展简史。第二章、第三章介绍化妆品的基质原料和辅助原料。第四章至第十章着重介绍了清洁类、护肤类、彩妆类、特殊用途类、芳香类和发用类化妆品及美容面膜。
●
相关链接 在E读中查询图书 在五车中查询图书 在当当中查询图书 在豆瓣中查询图书


正题名:美容化妆品学     索取号:TQ658.5/74=2         预约/预借

序号 登录号 条形码 馆藏地/架位号 状态 备注
1 1197564   211975647   第二样本阅览室/ [索取号:TQ658.5/74=2] 在馆    
2 1197565   211975656   第三借阅区/ [索取号:TQ658.5/74=2] 在馆    
3 1197566   211975665   第三借阅区/ [索取号:TQ658.5/74=2] 在馆    
4 1197567   211975674   第三借阅区/ [索取号:TQ658.5/74=2] 在馆    
唐山师范学院图书馆 欢迎您!
大连网信软件有限公司© 版权所有